Statistics for Dragonball Z Characters

Click here to take the quiz!

General Stats

  • This quiz has been taken 674 times
  • The average score is 15 of 26

Answer Stats

Answer% Correct
Goku
100%
Vegeta
97%
Gohan
96%
Goten
89%
Bulma
87%
Trunks
86%
Chi-chi
84%
Kuririn
82%
Piccolo
80%
Yamcha
78%
Cell
74%
Master Roshi
65%
Nappa
52%
Raditz
51%
Android 18
50%
Android 17
48%
Freeza
44%
Android 16
42%
Videl
37%
Mr Satan
30%
Pan
30%
Bardock
27%
Majin Boo
23%
Mr Popo
19%
Baba
4%
Karin
3%

Score Distribution

Percentile by Number Answered

Percent of People with Each Score

Your Score History

You have not taken this quiz